000 01068nam a22003377a 4500
003 CHAP
005 20220329134244.0
008 971013s1979 r 00010 d
010 _a17687
011 _a18659
035 _a22744
040 _cCHAP
090 _aTesis
100 0 0 _aCázares Enríquez, Benito.
_924146
245 _aLongevidad del polen de frijol (Phaseolus spp.)
260 _aChapingo, Méx. :
_bEl autor,
_c1979
300 _a115 h.
_b: ilus.
502 _aTesis (M.C. Esp. en Genética) -- CP. Rama de Genética
590 _aALEPH
_b10
_c20130110
_lUCH01
_h1240
590 _aBATCH-UPD
_b10
_c20130110
_lUCH01
_h2117
590 _aBATCH-UPD
_b10
_c20130410
_lUCH01
_h1427
590 _aBATCH-UPD
_b10
_c20130914
_lUCH01
_h1439
590 _aCONVERSION
_b10
_c20130109
_lUCH01
_h1311
650 1 4 _aFrijol
_xPolen.
_943419
650 1 4 _aPolen
_xGerminación.
_990210
901 _aBK
942 _cFOLL
949 _bBC
_cTES
_d-53174
_eTS1
_i22744
_si
949 _bBC
_cTES
_d-53175
_eTS2
_fc.2
_i22744
_si
949 _bBC
_cTES
_d-53176
_eTS2
_fc.3
_i22744
_si
999 _c17687
_d17687